The Kyoto Protocol : (Record no. 14978)

MARC details
000 -LEADER
fixed length control field 01543cam a22003374a 4500
001 - CONTROL NUMBER
control field 11770830
003 - CONTROL NUMBER IDENTIFIER
control field OSt
005 - DATE AND TIME OF LATEST TRANSACTION
control field 20211026125408.0
008 - FIXED-LENGTH DATA ELEMENTS--GENERAL INFORMATION
fixed length control field 990817s1999 nyua b 001 0 eng
010 ## - LIBRARY OF CONGRESS CONTROL NUMBER
LC control number 99045872
020 ## - INTERNATIONAL STANDARD BOOK NUMBER
International Standard Book Number 354066470X (acidfree paper)
040 ## - CATALOGING SOURCE
Original cataloging agency DLC
Transcribing agency HU
Modifying agency DLC
042 ## - AUTHENTICATION CODE
Authentication code pcc
050 00 - LIBRARY OF CONGRESS CALL NUMBER
Classification number K3585
Item number .O24 1999
082 ## - DEWEY DECIMAL CLASSIFICATION NUMBER
Classification number 363.738/742 URL 1999
100 1# - MAIN ENTRY--PERSONAL NAME
Personal name Oberthür, Sebastian.
9 (RLIN) 15556
245 14 - TITLE STATEMENT
Title The Kyoto Protocol :
Remainder of title international climate policy for the 21st century /
Statement of responsibility, etc. Sebastian Oberthür, Hermann E. Ott ; in collaboration with Richard G. Tarasofsky ; foreword by Ernst Ulrich von Weizäcker.
260 ## - PUBLICATION, DISTRIBUTION, ETC.
Place of publication, distribution, etc. New York :
Name of publisher, distributor, etc. Springer,
Date of publication, distribution, etc. 1999.
300 ## - PHYSICAL DESCRIPTION
Extent xx, 359 p. :
Other physical details ill. ;
Dimensions 25 cm.
504 ## - BIBLIOGRAPHY, ETC. NOTE
Bibliography, etc. note Includes bibliographical references (p. [337]-352) and index.
650 #0 - SUBJECT ADDED ENTRY--TOPICAL TERM
Topical term or geographic name entry element Greenhouse gases
General subdivision Law and legislation.
9 (RLIN) 15557
650 #0 - SUBJECT ADDED ENTRY--TOPICAL TERM
Topical term or geographic name entry element Global warming
General subdivision Law and legislation.
9 (RLIN) 15558
650 #0 - SUBJECT ADDED ENTRY--TOPICAL TERM
Topical term or geographic name entry element Climatic changes
General subdivision Research
-- Law and legislation.
9 (RLIN) 15559
650 #0 - SUBJECT ADDED ENTRY--TOPICAL TERM
Topical term or geographic name entry element Environmental law, International.
9 (RLIN) 7504
700 1# - ADDED ENTRY--PERSONAL NAME
Personal name Ott, Hermann,
Dates associated with a name 1961-
9 (RLIN) 15560
856 42 - ELECTRONIC LOCATION AND ACCESS
Materials specified Publisher description
Uniform Resource Identifier <a href="http://www.loc.gov/catdir/enhancements/fy0816/99045872-d.html">http://www.loc.gov/catdir/enhancements/fy0816/99045872-d.html</a>
856 41 - ELECTRONIC LOCATION AND ACCESS
Materials specified Table of contents only
Uniform Resource Identifier <a href="http://www.loc.gov/catdir/enhancements/fy0816/99045872-t.html">http://www.loc.gov/catdir/enhancements/fy0816/99045872-t.html</a>
906 ## - LOCAL DATA ELEMENT F, LDF (RLIN)
a 7
b cbc
c orignew
d 1
e ocip
f 19
g y-gencatlg
942 ## - ADDED ENTRY ELEMENTS (KOHA)
Source of classification or shelving scheme Dewey Decimal Classification
Koha item type Books like text book referance book
Suppress in OPAC No
Holdings
Withdrawn status Lost status Source of classification or shelving scheme Damaged status Not for loan Collection code Home library Current library Shelving location Date acquired Total Checkouts Full call number Barcode Date last seen Copy number Price effective from Koha item type
    Dewey Decimal Classification     Non-fiction Wondo Genet Library Wondo Genet Library General Stacks 10/26/2021   363.738/742 URL 1999 WGCFNRL00004768 10/26/2021 1 10/26/2021 Books like text book referance book